Real Estate 2006 (Record no. 106333)

MARC details
000 -LEADER
fixed length control field 01630cam a2200277 4500
001 - CONTROL NUMBER
control field L136160
008 - FIXED-LENGTH DATA ELEMENTS--GENERAL INFORMATION
fixed length control field 070115n2006 000 0 eng u
035 ## - SYSTEM CONTROL NUMBER
System control number (Sirsi) u136160
041 0# - LANGUAGE CODE
Language code of text/sound track or separate title eng
100 1# - MAIN ENTRY--PERSONAL NAME
Personal name Cookson, Simon
245 00 - TITLE STATEMENT
Title Real Estate 2006
260 ## - PUBLICATION, DISTRIBUTION, ETC.
Date of publication, distribution, etc. 2006
490 #0 - SERIES STATEMENT
Series statement International Comparative Legal Guide Series
505 1# - FORMATTED CONTENTS NOTE
Formatted contents note Liquidity, transparency and flexibility in UK and European real estate -- Effective application of the new ASTM Standard Practice for Environmental Site Assessments -- Aspects of taking and enforcing security over land in England, France, Germany, Italy and Spain
520 ## - SUMMARY, ETC.
Summary, etc. Discusses how excess market liquidity increased the number of investors prepared to take advantage of the interest rate arbitrage that real estate presents at this stage in the cycle. Discusses the American Society of Testing and Materials Standard Practice for Environmental Site Assessments, which has provided practitioners around the world with a defined methodology for conducting environmental due diligence reviews. Discusses how real estate is the one most often mentioned as having the greatest divergence between jurisdictions amongst all aspects of law. Country chapters focus on policies from 39 different political entities.
590 ## - LOCAL NOTE (RLIN)
Local note KA
651 #4 - SUBJECT ADDED ENTRY--GEOGRAPHIC NAME
Geographic name International
690 ## - LOCAL SUBJECT ADDED ENTRY--TOPICAL TERM (OCLC, RLIN)
Topical term or geographic name as entry element Planning and development
9 (RLIN) 6259
690 ## - LOCAL SUBJECT ADDED ENTRY--TOPICAL TERM (OCLC, RLIN)
Topical term or geographic name as entry element Block management
9 (RLIN) 6220
700 1# - ADDED ENTRY--PERSONAL NAME
Personal name Steeds, Jonathan
700 1# - ADDED ENTRY--PERSONAL NAME
Personal name Fahey, John
700 1# - ADDED ENTRY--PERSONAL NAME
Personal name Fordham, John
700 1# - ADDED ENTRY--PERSONAL NAME
Personal name Wiemann, Martin
856 40 - ELECTRONIC LOCATION AND ACCESS
Uniform Resource Identifier <a href="https://www.iclg.co.uk/">https://www.iclg.co.uk/</a>
Public note View the item free of charge at www.iclg.co.uk/...
942 ## - ADDED ENTRY ELEMENTS (KOHA)
Suppress in OPAC 0
Holdings
Withdrawn status Lost status Source of classification or shelving scheme Damaged status Not for loan Home library Current library Shelving location Date acquired Total Checkouts Full call number Barcode Date last seen Copy number Price effective from Koha item type
    Dewey Decimal Classification     Virtual Virtual Online 15/01/2007   ONLINE PUBLICATION 136160-1001 06/08/2019 1 06/08/2019 Book